000
00368nam a2200169Ia 4500
001
12757
005
20250626030601.0
008
211022s9999 xx 000 0 und d
082
_a
304.209 DIA
100
_a
Diamond, Jared M.
245
0
_a
Guns, germs and steel
260
_a
London
260
_b
Vintage Books
260
_c
2017
300
_a
480
942
_c
BK
999
_c
11408
_d
11408